| 000 | 01507nam a2200217Ia 4500 | ||
|---|---|---|---|
| 003 | Ost | ||
| 005 | 20260507075729.0 | ||
| 008 | 260507s9999||||xx |||||||||||||| ||und|| | ||
| 040 | _cfsecg | ||
| 041 | _aara | ||
| 082 | _a658.8 | ||
| 100 |
_aإدريس، ثابت عبدالرحمن _eمؤلف |
||
| 245 | 0 |
_aبحوث التسويق : _bأساليب القياس والتحليل واختبار الفروض / _c ثابت عبدالرحمن إدريس |
|
| 260 |
_aمصر: _bالدار الجامعية, _c2005 |
||
| 300 |
_a920 صفحة؛ _c24 سم |
||
| 504 | _aملحق الجداول الاحصائية : ص. 906 | ||
| 520 | _aيتناول هذا الكتاب اربعة عشر فصل على الترتيب التالي بحوث التسويق مفاهيم أساسية ؛ اساليب القياس و التحليل و اختيار الفروض ؛ عملية البحث التسويقي ؛ تصميم البحث؛ مصادر البيانات ؛ طرق جمع البيانات الاولية ؛ القياس ؛ اجراء العينات، العينات الدائمة تجهيز البيانات لاغراض التحليل الاحصائي ، أساليب تحليل البيانات صياغة وإختبار الفروض ، تقرير البحث التسويقي تطبيقات عماية لاساليب تحليل النتغيرات المتعددة واختبار الفروض في بحوث التسويق | ||
| 653 | _aالاقتصاد | ||
| 653 | _aالتسويق | ||
| 942 | _cكتاب | ||
| 999 |
_c46015 _d46015 |
||